书目信息 |
| 题名: |
电力拖动与控制线路
|
|
| 作者: | 温伟雄 , 邵兴周 主编 | |
| 分册: | ||
| 出版信息: | 北京 兵器工业出版社 2015.09 |
|
| 页数: | 136页 | |
| 开本: | 26cm | |
| 丛书名: | ||
| 单 册: | ||
| 中图分类: | TM921.5 | |
| 科图分类: | ||
| 主题词: | 电力传动 | |
| 电子资源: | ||
| ISBN: | 978-7-5181-0144-3 | |
| 000 | 00672nam0 2200217 450 | |
| 001 | 596 | |
| 005 | 20160908110951.59 | |
| 010 | @a978-7-5181-0144-3@dCNY28.00 | |
| 092 | @bDI | |
| 100 | @a20160723d2015 km y0chiy0120 ea | |
| 101 | 0 | @achi |
| 102 | @aCN@b110000 | |
| 200 | 1 | @a电力拖动与控制线路@Adian li tuo dong yu kong zhi xian lu@f温伟雄,邵兴周等主编@Fwen wei xiong,shao xing zhou deng zhu bian |
| 210 | @a北京@c兵器工业出版社@d2015.09 | |
| 215 | @a136页@d26cm | |
| 606 | 0 | @a电力传动 |
| 690 | @aTM921.5@v4 | |
| 701 | 0 | @a温伟雄@Awen wei xiong@4主编 |
| 701 | 0 | @a邵兴周@Ashao xing zhou@4主编 |
| 801 | 0 | @aCN@b唐山师范学院图书馆@c20160723 |
| 905 | @aZUCC@dTM921.5@e126 | |
| 电力拖动与控制线路/温伟雄,邵兴周等主编.-北京:兵器工业出版社,2015.09 |
| 136页;26cm |
| ISBN 978-7-5181-0144-3:CNY28.00 |
| ● |
| 相关链接 |
|
|
|
|
正题名:电力拖动与控制线路
索取号:TM921.5/126
 
预约/预借
| 序号 | 登录号 | 条形码 | 馆藏地/架位号 | 状态 | 备注 |
| 1 | 902569 | 209025696 | 第二样本阅览室/ [索取号:TM921.5/126] | 在馆 | |
| 2 | 902570 | 209025703 | 第三借阅区/ [索取号:TM921.5/126] | 在馆 | |
| 3 | 902571 | 209025712 | 第三借阅区/ [索取号:TM921.5/126] | 在馆 | |
| 4 | 902572 | 209025721 | 第三借阅区/ [索取号:TM921.5/126] | 在馆 | |
| 5 | 902573 | 209025730 | 第三借阅区/ [索取号:TM921.5/126] | 在馆 |